| Tag |
First Indicator |
Second Indicator |
Subfields |
| LEADER |
00000nam a2200000Ia 4500 |
| 001 |
in00004181981 |
| 005 |
20200807084427.0 |
| 006 |
m g d |
| 007 |
cr bn |||a|bb| |
| 008 |
060505s1637 stk o 000 0 lat d |
| 035 |
|
|
|a (OCoLC)68222117
|
| 040 |
|
|
|a UMI
|e dcrb
|c UMI
|
| 037 |
|
|
|a CL0036000074
|b ProQuest Information and Learning 300 N. Zeeb Rd., Ann Arbor, MI 48103-1553
|
| 090 |
|
|
|a B785.R35
|b D52 1637
|
| 049 |
|
|
|a UMIA
|
| 100 |
1 |
|
|a Petrus, Ramus,
|d 1515-1572.
|
| 240 |
1 |
0 |
|a Dialectica.
|f 1637
|
| 245 |
1 |
0 |
|a Petri Rami Veromandui, Regij professoris, Dialecticæ libri duo..
|
| 246 |
3 |
|
|a Dialecticae libri duo
|
| 260 |
|
|
|a Edinburgi :
|b Excudebant Hæredes Andreæ [sic] Hart.,
|c 1637..
|
| 300 |
|
|
|a 1 online resource (81, [3] pages)
|
| 336 |
|
|
|a text
|b txt
|2 rdacontent
|
| 337 |
|
|
|a computer
|b c
|2 rdamedia
|
| 338 |
|
|
|a online resource
|b cr
|2 rdacarrier
|
| 500 |
|
|
|a Title within border of printers' ornaments; device on t.p. is McK. 379, without initials.
|
| 500 |
|
|
|a Signatures: A-C¹² D⁶.
|
| 500 |
|
|
|a Imperfect: printing defects; tightly bound and stained, with loss of text.
|
| 500 |
|
|
|a Reproduction of original in: National Library of Scotland.
|
| 510 |
4 |
|
|a STC (2nd edition)
|c 15244.7.
|
| 510 |
4 |
|
|a Aldis, H.G. Scotland
|c 891.
|
| 533 |
|
|
|a Electronic reproduction.
|b Ann Arbor, Mich. :
|c UMI,
|d 1999-
|f (Early English books online)
|n Digital version of: (Early English books, 1475-1640 ; 2189:3)
|7 s1999 miun s
|
| 650 |
|
0 |
|a Logic, Modern
|y 16th century
|v Early works to 1800.
|
| 650 |
|
0 |
|a Philosophy, Renaissance
|v Early works to 1800.
|
| 830 |
|
0 |
|a Early English books online.
|
| 856 |
4 |
0 |
|u http://proxy.library.tamu.edu/login?url=https://search.proquest.com/docview/2240943050
|z Connect to the full text of this electronic book
|t 0
|
| 994 |
|
|
|a 02
|b UMI
|
| 999 |
f |
f |
|s 3afba3d2-bf66-335f-9498-852774a81357
|i ffff11d6-765a-322d-9a99-ecc8119f28f7
|t 0
|
| 952 |
f |
f |
|a Texas A&M University
|b College Station
|c Electronic Resources
|d Available Online
|t 0
|e B785.R35 D52 1637
|h Library of Congress classification
|
| 998 |
f |
f |
|a B785.R35 D52 1637
|t 0
|l Available Online
|